Paesi che Confinano con il Kenya - Statistics

Statistiche generali
  • Questo quiz è stato fatto 4.369 volte
  • Il punteggio medio è 5 su 5
Risposte nella Mappa
Le risposte nella mappa del quiz sottostante sono codificate secondo una scala di colori dal rosso al verde in base alla % di persone che hanno risposto correttamente.
 
Statistiche sulle risposte
Paese % Corretto
Etiopia
97%
Somalia
93%
Tanzania
92%
Sud Sudan
88%
Uganda
88%
Nessun quiz corrispondente trovato
Distribuzione punteggi
Percentuale di utenti per punteggio
Percentile per numero di risposta
I tuoi punteggi nel tempo
Non hai fatto questo quiz